[Event "English Open Championship 2024"]
[Site "Holiday Inn, 212 Abbey End, Kenilworth CV8 1ED, United Kingdom"]
[Date "2024.06.20"]
[Round "1.31"]
[White "Pal, Rohan"]
[Black "Green, Michael"]
[Result "1-0"]
[TimeControl "G90 + 30secs/move"]
[WhiteFideId "462489"]
[BlackFideId "437514"]
[WhiteElo "2097"]
[BlackElo "1961"]

1. e4 {[%clk 01:30:54]} {[%emt 00:00:06]} c6 {[%clk 01:30:55]} {[%emt
00:00:06]} 2. Nc3 {[%clk 01:31:07]} {[%emt 00:00:17]} g6 {[%clk 01:31:11]}
{[%emt 00:00:13]} 3. d4 {[%clk 01:31:29]} {[%emt 00:00:08]} Bg7 {[%clk
01:31:29]} {[%emt 00:00:12]} 4. Nf3 {[%clk 01:31:51]} {[%emt 00:00:08]} d5
{[%clk 01:31:48]} {[%emt 00:00:12]} 5. Bf4 {[%clk 01:32:15]} {[%emt 00:00:06]}
dxe4 {[%clk 01:31:30]} {[%emt 00:00:47]} 6. Nxe4 {[%clk 01:32:37]} {[%emt
00:00:08]} Nf6 {[%clk 01:31:47]} {[%emt 00:00:13]} 7. Nxf6+ {[%clk 01:32:44]}
{[%emt 00:00:24]} exf6 {[%clk 01:32:11]} {[%emt 00:00:05]} 8. Bc4 {[%clk
01:30:21]} {[%emt 00:02:53]} O-O {[%clk 01:31:57]} {[%emt 00:00:45]} 9. O-O
{[%clk 01:29:54]} {[%emt 00:00:57]} a5 {[%clk 01:21:09]} {[%emt 00:11:18]} 10.
a4 {[%clk 01:25:42]} {[%emt 00:04:41]} Na6 {[%clk 01:14:10]} {[%emt 00:07:30]}
11. c3 {[%clk 01:24:37]} {[%emt 00:01:35]} Nc7 {[%clk 01:14:16]} {[%emt
00:00:23]} 12. Qb3 {[%clk 01:20:53]} {[%emt 00:04:14]} Nd5 {[%clk 01:13:16]}
{[%emt 00:01:30]} 13. Bxd5 {[%clk 01:19:57]} {[%emt 00:01:27]} Qxd5 {[%clk
01:13:18]} {[%emt 00:00:28]} 14. Qxd5 {[%clk 01:20:05]} {[%emt 00:00:21]} cxd5
{[%clk 01:13:40]} {[%emt 00:00:08]} 15. Rfe1 {[%clk 01:18:56]} {[%emt
00:01:39]} Be6 {[%clk 01:12:17]} {[%emt 00:01:53]} 16. Nd2 {[%clk 01:16:23]}
{[%emt 00:03:03]} Rfc8 {[%clk 01:09:50]} {[%emt 00:02:56]} 17. Nb1 {[%clk
01:13:59]} {[%emt 00:02:56]} Bf8 {[%clk 01:08:14]} {[%emt 00:02:06]} 18. Na3
{[%clk 01:10:58]} {[%emt 00:03:31]} Bxa3 {[%clk 01:03:08]} {[%emt 00:05:36]} 19.
Rxa3 {[%clk 01:11:19]} {[%emt 00:00:09]} Rc6 {[%clk 01:00:53]} {[%emt
00:02:43]} 20. Rb3 {[%clk 01:10:23]} {[%emt 00:01:27]} b6 {[%clk 01:00:02]}
{[%emt 00:01:21]} 21. Rb5 {[%clk 01:08:33]} {[%emt 00:02:20]} g5 {[%clk
00:54:05]} {[%emt 00:06:27]} 22. Bg3 {[%clk 01:07:12]} {[%emt 00:01:51]} Rd8
{[%clk 00:50:44]} {[%emt 00:03:51]} 23. f3 {[%clk 01:04:48]} {[%emt 00:02:54]}
Kg7 {[%clk 00:48:19]} {[%emt 00:02:56]} 24. h4 {[%clk 01:02:09]} {[%emt
00:03:09]} Kg6 {[%clk 00:47:27]} {[%emt 00:01:22]} 25. Kf2 {[%clk 01:00:51]}
{[%emt 00:01:47]} Bf5 {[%clk 00:37:13]} {[%emt 00:10:44]} 26. hxg5 {[%clk
00:47:07]} {[%emt 00:14:14]} fxg5 {[%clk 00:36:19]} {[%emt 00:01:24]} 27. Re7
{[%clk 00:47:11]} {[%emt 00:00:26]} Bd3 {[%clk 00:33:47]} {[%emt 00:03:02]} 28.
Rb3 {[%clk 00:44:41]} {[%emt 00:03:01]} Bc4 {[%clk 00:33:47]} {[%emt 00:00:29]}
29. Ra3 {[%clk 00:45:07]} {[%emt 00:00:05]} Re6 {[%clk 00:31:13]} {[%emt
00:03:04]} 30. Rxe6+ {[%clk 00:45:18]} {[%emt 00:00:18]} fxe6 {[%clk 00:31:38]}
{[%emt 00:00:05]} 31. b3 {[%clk 00:42:20]} {[%emt 00:03:29]} Ba6 {[%clk
00:31:33]} {[%emt 00:00:34]} 32. Bc7 {[%clk 00:41:10]} {[%emt 00:01:41]} Rc8
{[%clk 00:31:47]} {[%emt 00:00:16]} 33. Bxb6 {[%clk 00:41:26]} {[%emt
00:00:13]} Rxc3 {[%clk 00:32:06]} {[%emt 00:00:12]} 34. Bxa5 {[%clk 00:41:53]}
{[%emt 00:00:03]} Rd3 {[%clk 00:30:31]} {[%emt 00:02:05]} 35. Bb6 {[%clk
00:41:17]} {[%emt 00:01:06]} h5 {[%clk 00:30:27]} {[%emt 00:00:34]} 36. a5
{[%clk 00:35:33]} {[%emt 00:06:13]} Kf5 {[%clk 00:29:43]} {[%emt 00:01:14]} 37.
Ra1 {[%clk 00:33:43]} {[%emt 00:02:21]} Rxb3 {[%clk 00:29:21]} {[%emt
00:00:51]} 38. Re1 {[%clk 00:33:50]} {[%emt 00:00:23]} Rb2+ {[%clk 00:26:20]}
{[%emt 00:03:31]} 39. Kg1 {[%clk 00:33:04]} {[%emt 00:01:15]} Re2 {[%clk
00:25:46]} {[%emt 00:01:05]} 40. Rxe2 {[%clk 00:29:49]} {[%emt 00:03:45]} Bxe2
{[%clk 00:26:09]} {[%emt 00:00:07]} 41. Kf2 {[%clk 00:30:16]} {[%emt 00:00:03]}
Ba6 {[%clk 00:26:05]} {[%emt 00:00:34]} 42. Bc7 {[%clk 00:30:34]} {[%emt
00:00:12]} g4 {[%clk 00:18:08]} {[%emt 00:08:27]} 43. fxg4+ {[%clk 00:30:14]}
{[%emt 00:00:50]} Kxg4 {[%clk 00:16:39]} {[%emt 00:01:59]} 44. Ke3 {[%clk
00:29:37]} {[%emt 00:01:07]} Kf5 {[%clk 00:17:03]} {[%emt 00:00:07]} 45. Be5
{[%clk 00:29:16]} {[%emt 00:00:50]} h4 {[%clk 00:10:25]} {[%emt 00:07:08]} 46.
Kd2 {[%clk 00:28:24]} {[%emt 00:01:22]} Ke4 {[%clk 00:10:38]} {[%emt 00:00:18]}
47. Kc3 {[%clk 00:27:59]} {[%emt 00:00:55]} Ke3 {[%clk 00:07:33]} {[%emt
00:03:35]} 48. g4 {[%clk 00:24:57]} {[%emt 00:03:32]} h3 {[%clk 00:05:53]}
{[%emt 00:02:10]} 49. g5 {[%clk 00:25:19]} {[%emt 00:00:08]} Bd3 {[%clk
00:06:00]} {[%emt 00:00:23]} 50. Bh2 {[%clk 00:23:16]} {[%emt 00:02:33]} Ke2
{[%clk 00:05:14]} {[%emt 00:01:16]} 51. Kb4 {[%clk 00:22:47]} {[%emt 00:00:59]}
Ke3 {[%clk 00:05:21]} {[%emt 00:00:23]} 52. Kc5 {[%clk 00:22:34]} {[%emt
00:00:43]} Kf3 {[%clk 00:04:24]} {[%emt 00:01:26]} 53. g6 {[%clk 00:22:12]}
{[%emt 00:00:53]} Bxg6 {[%clk 00:01:32]} {[%emt 00:03:22]} 54. a6 {[%clk
00:22:35]} {[%emt 00:00:06]} Kg2 {[%clk 00:01:22]} {[%emt 00:00:41]} 55. Be5
{[%clk 00:22:53]} {[%emt 00:00:12]} h2 {[%clk 00:01:31]} {[%emt 00:00:21]} 56.
Bxh2 {[%clk 00:23:19]} {[%emt 00:00:04]} Kxh2 {[%clk 00:01:59]} {[%emt
00:00:02]} 57. a7 {[%clk 00:23:40]} {[%emt 00:00:09]} Kg3 {[%clk 00:00:54]}
{[%emt 00:01:35]} 58. a8=Q {[%clk 00:24:02]} {[%emt 00:00:07]} Kf3 {[%clk
00:00:39]} {[%emt 00:00:44]} 59. Kd6 {[%clk 00:24:20]} {[%emt 00:00:14]} Bf5
{[%clk 00:00:33]} {[%emt 00:00:36]} 60. Ke5 {[%clk 00:24:45]} {[%emt 00:00:04]}
Ke3 {[%clk 00:00:53]} {[%emt 00:00:11]} 61. Qa3+ {[%clk 00:25:10]} {[%emt
00:00:05]} Kd2 {[%clk 00:00:57]} {[%emt 00:00:26]} 62. Qf3 {[%clk 00:25:29]}
{[%emt 00:00:10]} Kc2 {[%clk 00:00:39]} {[%emt 00:00:49]} 63. Qe3 {[%clk
00:25:37]} {[%emt 00:00:21]} Kb2 {[%clk 00:00:45]} {[%emt 00:00:25]} 64. Kd6
{[%clk 00:26:01]} {[%emt 00:00:06]} Be4 {[%clk 00:00:31]} {[%emt 00:00:44]} 65.
Kc5 {[%clk 00:26:24]} {[%emt 00:00:06]} Kc2 {[%clk 00:00:49]} {[%emt 00:00:13]}
66. Kb4 {[%clk 00:26:46]} {[%emt 00:00:07]} Bf5 {[%clk 00:01:02]} {[%emt
00:00:17]} 67. Qe2+ {[%clk 00:27:05]} {[%emt 00:00:12]} Kc1 {[%clk 00:00:57]}
{[%emt 00:00:35]} 68. Kc3 {[%clk 00:27:30]} {[%emt 00:00:04]} 1-0

[Event "English Open Championship 2024"]
[Site "Holiday Inn, 212 Abbey End, Kenilworth CV8 1ED, United Kingdom"]
[Date "2024.06.20"]
[Round "1.32"]
[White "Sefton, Adam"]
[Black "Nicholas, Koichi B"]
[Result "1-0"]
[TimeControl "G90 + 30secs/move"]
[WhiteFideId "343400965"]
[BlackFideId "409820"]
[WhiteElo "1850"]
[BlackElo "2130"]

1. e4 {[%clk 01:30:55]} {[%emt 00:00:04]} e5 {[%clk 01:30:22]} {[%emt
00:00:26]} 2. Nf3 {[%clk 01:31:18]} {[%emt 00:00:20]} Nc6 {[%clk 01:30:40]}
{[%emt 00:00:11]} 3. Bc4 {[%clk 01:31:35]} {[%emt 00:00:13]} Nf6 {[%clk
01:30:57]} {[%emt 00:00:13]} 4. d3 {[%clk 01:31:57]} {[%emt 00:00:08]} Be7
{[%clk 01:29:43]} {[%emt 00:01:44]} 5. O-O {[%clk 01:31:50]} {[%emt 00:00:38]}
O-O {[%clk 01:29:34]} {[%emt 00:00:37]} 6. Re1 {[%clk 01:31:52]} {[%emt
00:00:29]} d6 {[%clk 01:29:16]} {[%emt 00:00:48]} 7. a4 {[%clk 01:31:40]}
{[%emt 00:00:42]} Kh8 {[%clk 01:26:04]} {[%emt 00:03:41]} 8. h3 {[%clk
01:30:23]} {[%emt 00:01:48]} Ng8 {[%clk 01:24:59]} {[%emt 00:01:35]} 9. Nbd2
{[%clk 01:21:20]} {[%emt 00:09:34]} f5 {[%clk 01:24:23]} {[%emt 00:01:05]} 10.
c3 {[%clk 01:20:50]} {[%emt 00:01:00]} Qe8 {[%clk 01:21:55]} {[%emt 00:02:58]}
11. Nf1 {[%clk 01:10:45]} {[%emt 00:10:35]} Qg6 {[%clk 01:18:49]} {[%emt
00:03:35]} 12. exf5 {[%clk 01:10:53]} {[%emt 00:00:23]} Bxf5 {[%clk 01:18:06]}
{[%emt 00:01:12]} 13. Ng3 {[%clk 01:11:18]} {[%emt 00:00:07]} Bd7 {[%clk
01:15:08]} {[%emt 00:03:27]} 14. a5 {[%clk 01:06:27]} {[%emt 00:05:21]} Rae8
{[%clk 01:12:48]} {[%emt 00:02:49]} 15. Bb3 {[%clk 00:57:32]} {[%emt 00:09:26]}
Nh6 {[%clk 01:04:46]} {[%emt 00:08:31]} 16. a6 {[%clk 00:38:46]} {[%emt
00:19:17]} b6 {[%clk 01:00:00]} {[%emt 00:05:16]} 17. Bd5 {[%clk 00:38:47]}
{[%emt 00:00:29]} Nd8 {[%clk 00:46:16]} {[%emt 00:14:14]} 18. Be4 {[%clk
00:38:30]} {[%emt 00:00:47]} Qf6 {[%clk 00:42:12]} {[%emt 00:04:33]} 19. d4
{[%clk 00:28:40]} {[%emt 00:10:21]} exd4 {[%clk 00:36:26]} {[%emt 00:06:16]} 20.
Bg5 {[%clk 00:27:57]} {[%emt 00:01:14]} Qf7 {[%clk 00:36:29]} {[%emt 00:00:25]}
21. Bxe7 {[%clk 00:24:41]} {[%emt 00:03:46]} Rxe7 {[%clk 00:36:00]} {[%emt
00:01:00]} 22. Qxd4 {[%clk 00:23:18]} {[%emt 00:01:53]} Nc6 {[%clk 00:32:21]}
{[%emt 00:04:09]} 23. Qd2 {[%clk 00:23:02]} {[%emt 00:00:46]} Qf4 {[%clk
00:21:04]} {[%emt 00:11:47]} 24. Qxf4 {[%clk 00:17:48]} {[%emt 00:05:43]} Rxf4
{[%clk 00:21:30]} 25. Bxc6 {[%clk 00:17:27]} {[%emt 00:00:55]} Rxe1+ {[%clk
00:21:46]} {[%emt 00:00:14]} 26. Rxe1 {[%clk 00:17:51]} {[%emt 00:00:07]} Bxc6
{[%clk 00:22:07]} {[%emt 00:00:08]} 27. Ng5 {[%clk 00:17:48]} {[%emt 00:00:34]}
Ng8 {[%clk 00:18:40]} {[%emt 00:03:57]} 28. Ne6 {[%clk 00:17:11]} {[%emt
00:01:06]} Rf7 {[%clk 00:18:19]} {[%emt 00:00:51]} 29. Nd8 {[%clk 00:16:24]}
{[%emt 00:01:18]} Re7 {[%clk 00:18:29]} {[%emt 00:00:19]} 30. Rxe7 {[%clk
00:16:45]} {[%emt 00:00:10]} Nxe7 {[%clk 00:18:51]} {[%emt 00:00:07]} 31. Nf5
{[%clk 00:17:06]} {[%emt 00:00:09]} Bxg2 {[%clk 00:10:34]} {[%emt 00:08:47]} 32.
Nxe7 {[%clk 00:17:15]} {[%emt 00:00:22]} Bxh3 {[%clk 00:10:14]} {[%emt
00:00:49]} 33. Nf7# {[%clk 00:17:08]} {[%emt 00:00:07]} 1-0

[Event "English Open Championship 2024"]
[Site "Holiday Inn, 212 Abbey End, Kenilworth CV8 1ED, United Kingdom"]
[Date "2024.06.20"]
[Round "1.33"]
[White "Payne, Matthew J"]
[Black "Ali, Golam S"]
[Result "1-0"]
[TimeControl "G90 + 30secs/move"]
[WhiteFideId "417084"]
[BlackFideId "414646"]
[WhiteElo "2079"]
[BlackElo "1877"]

1. e4 {[%clk 01:30:54]} {[%emt 00:00:05]} Nc6 {[%clk 01:24:04]} {[%emt
00:06:56]} 2. Nf3 {[%clk 01:31:08]} {[%emt 00:00:16]} e5 {[%clk 01:24:17]}
{[%emt 00:00:17]} 3. Bc4 {[%clk 01:31:17]} {[%emt 00:00:20]} Bc5 {[%clk
01:24:23]} {[%emt 00:00:25]} 4. c3 {[%clk 01:31:29]} {[%emt 00:00:18]} Nf6
{[%clk 01:24:35]} {[%emt 00:00:18]} 5. d4 {[%clk 01:31:35]} {[%emt 00:00:24]}
exd4 {[%clk 01:23:58]} {[%emt 00:01:08]} 6. e5 {[%clk 01:31:55]} {[%emt
00:00:10]} d5 {[%clk 01:18:02]} {[%emt 00:06:26]} 7. Bb5 {[%clk 01:32:16]}
{[%emt 00:00:08]} Ne4 {[%clk 01:17:36]} {[%emt 00:00:56]} 8. cxd4 {[%clk
01:32:35]} {[%emt 00:00:11]} Bb4+ {[%clk 01:17:41]} {[%emt 00:00:25]} 9. Bd2
{[%clk 01:29:06]} {[%emt 00:03:59]} Nxd2 {[%clk 01:14:46]} {[%emt 00:03:25]} 10.
Nbxd2 {[%clk 01:29:25]} {[%emt 00:00:11]} O-O {[%clk 01:11:09]} {[%emt
00:04:08]} 11. O-O {[%clk 01:17:54]} {[%emt 00:12:01]} Bg4 {[%clk 01:10:05]}
{[%emt 00:01:33]} 12. Bxc6 {[%clk 01:03:01]} {[%emt 00:15:24]} bxc6 {[%clk
01:01:37]} {[%emt 00:08:58]} 13. Qc2 {[%clk 01:02:55]} {[%emt 00:00:35]} Rb8
{[%clk 00:56:02]} {[%emt 00:06:05]} 14. a3 {[%clk 00:58:51]} {[%emt 00:04:33]}
Bxd2 {[%clk 00:50:49]} {[%emt 00:05:44]} 15. Nxd2 {[%clk 00:53:44]} {[%emt
00:05:37]} Qg5 {[%clk 00:51:11]} {[%emt 00:00:08]} 16. f4 {[%clk 00:51:22]}
{[%emt 00:02:52]} Qh5 {[%clk 00:49:09]} {[%emt 00:02:33]} 17. b4 {[%clk
00:50:35]} {[%emt 00:01:16]} Rb6 {[%clk 00:47:45]} {[%emt 00:01:54]} 18. h3
{[%clk 00:36:31]} {[%emt 00:14:35]} Bf5 {[%clk 00:43:05]} {[%emt 00:05:09]} 19.
Qc3 {[%clk 00:36:35]} {[%emt 00:00:26]} Rfb8 {[%clk 00:32:45]} {[%emt
00:10:51]} 20. Rf3 {[%clk 00:25:34]} {[%emt 00:11:30]} a5 {[%clk 00:19:02]}
{[%emt 00:14:13]} 21. g4 {[%clk 00:24:33]} {[%emt 00:01:31]} axb4 {[%clk
00:18:51]} {[%emt 00:00:41]} 22. axb4 {[%clk 00:24:47]} {[%emt 00:00:16]} Qg6
{[%clk 00:16:15]} {[%emt 00:03:05]} 23. Rg3 {[%clk 00:25:05]} {[%emt 00:00:13]}
Bc8 {[%clk 00:14:37]} {[%emt 00:02:06]} 24. Ra4 {[%clk 00:19:42]} {[%emt
00:05:55]} h5 {[%clk 00:13:50]} {[%emt 00:01:17]} 25. f5 {[%clk 00:15:27]}
{[%emt 00:04:44]} Qg5 {[%clk 00:13:10]} {[%emt 00:01:11]} 26. Nb3 {[%clk
00:14:55]} {[%emt 00:01:03]} Qf4 {[%clk 00:11:47]} {[%emt 00:01:52]} 27. Rg2
{[%clk 00:12:40]} {[%emt 00:02:45]} h4 {[%clk 00:11:19]} {[%emt 00:00:57]} 28.
Nc5 {[%clk 00:11:16]} {[%emt 00:01:55]} Qg5 {[%clk 00:08:57]} {[%emt 00:02:53]}
29. e6 {[%clk 00:10:23]} {[%emt 00:01:22]} fxe6 {[%clk 00:08:15]} {[%emt
00:01:12]} 30. fxe6 {[%clk 00:10:52]} {[%emt 00:00:01]} Qf6 {[%clk 00:04:22]}
{[%emt 00:04:23]} 31. Rf2 {[%clk 00:10:58]} {[%emt 00:00:24]} Qe7 {[%clk
00:04:42]} {[%emt 00:00:09]} 32. Qe3 {[%clk 00:06:37]} {[%emt 00:04:52]} Rxb4
{[%clk 00:04:27]} {[%emt 00:00:46]} 33. Rxb4 {[%clk 00:07:03]} {[%emt
00:00:04]} Rxb4 {[%clk 00:04:46]} {[%emt 00:00:11]} 34. Rf7 {[%clk 00:07:29]}
{[%emt 00:00:04]} Rb1+ {[%clk 00:04:39]} {[%emt 00:00:36]} 35. Kg2 {[%clk
00:07:07]} {[%emt 00:00:52]} Rb2+ {[%clk 00:04:04]} {[%emt 00:01:05]} 36. Kf1
{[%clk 00:07:36]} {[%emt 00:00:01]} Rb1+ {[%clk 00:03:43]} {[%emt 00:00:51]} 37.
Ke2 {[%clk 00:08:00]} {[%emt 00:00:05]} Rb2+ {[%clk 00:03:47]} {[%emt
00:00:27]} 38. Kd1 {[%clk 00:08:22]} {[%emt 00:00:08]} Qd6 {[%clk 00:00:39]}
{[%emt 00:03:38]} 39. Qg5 {[%clk 00:08:40]} {[%emt 00:00:12]} Rb1+ {[%clk
00:00:49]} {[%emt 00:00:20]} 40. Kc2 {[%clk 00:09:01]} {[%emt 00:00:08]} 1-0

[Event "English Open Championship 2024"]
[Site "Holiday Inn, 212 Abbey End, Kenilworth CV8 1ED, United Kingdom"]
[Date "2024.06.20"]
[Round "1.34"]
[White "Watson, Jacob"]
[Black "Mikalajunas, Kajus"]
[Result "0-1"]
[TimeControl "G90 + 30secs/move"]
[WhiteFideId "445037"]
[BlackFideId "483621"]
[WhiteElo "1883"]
[BlackElo "1995"]

1. e4 {[%clk 01:30:56]} {[%emt 00:00:04]} c6 {[%clk 01:30:50]} {[%emt
00:00:10]} 2. d4 {[%clk 01:31:00]} {[%emt 00:00:26]} d5 {[%clk 01:31:09]}
{[%emt 00:00:11]} 3. e5 {[%clk 01:31:22]} {[%emt 00:00:08]} Bf5 {[%clk
01:31:30]} {[%emt 00:00:09]} 4. Nc3 {[%clk 01:31:23]} {[%emt 00:00:30]} e6
{[%clk 01:31:43]} {[%emt 00:00:17]} 5. g4 {[%clk 01:31:01]} {[%emt 00:00:51]}
Bg6 {[%clk 01:32:02]} {[%emt 00:00:11]} 6. Nge2 {[%clk 01:31:18]} {[%emt
00:00:12]} c5 {[%clk 01:32:09]} {[%emt 00:00:24]} 7. h4 {[%clk 01:29:37]}
{[%emt 00:02:11]} h5 {[%clk 01:32:02]} {[%emt 00:00:36]} 8. Nf4 {[%clk
01:29:09]} {[%emt 00:00:58]} Bh7 {[%clk 01:32:11]} {[%emt 00:00:21]} 9. Nxh5
{[%clk 01:27:42]} {[%emt 00:01:57]} Nc6 {[%clk 01:32:03]} {[%emt 00:00:39]} 10.
dxc5 {[%clk 01:26:04]} {[%emt 00:02:08]} Bxc5 {[%clk 01:31:21]} {[%emt
00:01:11]} 11. Bg5 {[%clk 01:25:36]} {[%emt 00:00:59]} Qc7 {[%clk 01:19:57]}
{[%emt 00:11:54]} 12. Bb5 {[%clk 00:57:44]} {[%emt 00:28:23]} Qxe5+ {[%clk
01:01:24]} {[%emt 00:19:02]} 13. Kf1 {[%clk 00:54:42]} {[%emt 00:03:33]} Bg6
{[%clk 00:47:03]} {[%emt 00:14:50]} 14. Bf4 {[%clk 00:45:47]} {[%emt 00:09:25]}
Qd4 {[%clk 00:45:44]} {[%emt 00:01:49]} 15. Qf3 {[%clk 00:38:38]} {[%emt
00:07:39]} Bxh5 {[%clk 00:42:32]} {[%emt 00:03:42]} 16. gxh5 {[%clk 00:39:01]}
{[%emt 00:00:08]} Qf6 {[%clk 00:38:40]} {[%emt 00:04:21]} 17. Re1 {[%clk
00:33:14]} {[%emt 00:06:17]} O-O-O {[%clk 00:37:37]} {[%emt 00:01:32]} 18. Bxc6
{[%clk 00:29:48]} {[%emt 00:03:57]} bxc6 {[%clk 00:36:27]} {[%emt 00:01:40]} 19.
Qg3 {[%clk 00:29:58]} {[%emt 00:00:20]} Qf5 {[%clk 00:31:15]} {[%emt 00:05:42]}
20. Na4 {[%clk 00:26:51]} {[%emt 00:03:37]} Bf8 {[%clk 00:26:04]} {[%emt
00:05:41]} 21. Qe3 {[%clk 00:16:46]} {[%emt 00:10:35]} d4 {[%clk 00:24:04]}
{[%emt 00:02:30]} 22. Qd2 {[%clk 00:12:22]} {[%emt 00:04:54]} Qb5+ {[%clk
00:23:58]} {[%emt 00:00:36]} 23. Kg1 {[%clk 00:08:59]} {[%emt 00:03:53]} Qxa4
{[%clk 00:23:35]} {[%emt 00:00:53]} 24. Re5 {[%clk 00:08:21]} {[%emt 00:01:08]}
Bd6 {[%clk 00:22:50]} {[%emt 00:01:15]} 25. Rh3 {[%clk 00:04:33]} {[%emt
00:04:18]} Nf6 {[%clk 00:21:40]} {[%emt 00:01:40]} 26. Rb3 {[%clk 00:03:22]}
{[%emt 00:01:41]} Bxe5 {[%clk 00:20:33]} {[%emt 00:01:36]} 27. Bxe5 {[%clk
00:03:45]} {[%emt 00:00:08]} Nd7 {[%clk 00:20:47]} {[%emt 00:00:15]} 28. Bd6
{[%clk 00:02:44]} {[%emt 00:01:32]} Nb6 {[%clk 00:20:30]} {[%emt 00:00:47]} 29.
Bg3 {[%clk 00:02:33]} {[%emt 00:00:40]} f6 {[%clk 00:20:09]} {[%emt 00:00:52]}
30. Qf4 {[%clk 00:01:23]} {[%emt 00:01:39]} e5 {[%clk 00:20:27]} {[%emt
00:00:13]} 31. Qg4+ {[%clk 00:01:38]} {[%emt 00:00:15]} Rd7 {[%clk 00:20:50]}
{[%emt 00:00:07]} 32. Ra3 {[%clk 00:01:02]} {[%emt 00:01:07]} Qxc2 {[%clk
00:21:12]} {[%emt 00:00:07]} 33. Qe6 {[%clk 00:00:39]} {[%emt 00:00:53]} Qc4
{[%clk 00:20:43]} {[%emt 00:00:27]} 0-1

[Event "English Open Championship 2024"]
[Site "Holiday Inn, 212 Abbey End, Kenilworth CV8 1ED, United Kingdom"]
[Date "2024.06.20"]
[Round "1.35"]
[White "Savidge, Daniel"]
[Black "Waterfield, Mark B"]
[Result "1-0"]
[TimeControl "G90 + 30secs/move"]
[WhiteFideId "450332"]
[BlackFideId "464910"]
[WhiteElo "2085"]
[BlackElo "1839"]

1. e4 {[%clk 01:30:56]} {[%emt 00:00:04]} e6 {[%clk 01:30:55]} {[%emt
00:00:05]} 2. d4 {[%clk 01:31:19]} {[%emt 00:00:07]} d5 {[%clk 01:31:20]}
{[%emt 00:00:06]} 3. e5 {[%clk 01:31:47]} {[%emt 00:00:02]} c5 {[%clk
01:31:43]} {[%emt 00:00:07]} 4. c3 {[%clk 01:32:13]} {[%emt 00:00:04]} Nc6
{[%clk 01:32:08]} {[%emt 00:00:05]} 5. Nf3 {[%clk 01:32:39]} {[%emt 00:00:03]}
Nge7 {[%clk 01:32:33]} {[%emt 00:00:06]} 6. Bd3 {[%clk 01:33:02]} {[%emt
00:00:07]} cxd4 {[%clk 01:32:36]} {[%emt 00:00:27]} 7. cxd4 {[%clk 01:33:28]}
{[%emt 00:00:04]} Nf5 {[%clk 01:32:55]} {[%emt 00:00:11]} 8. Bxf5 {[%clk
01:33:47]} {[%emt 00:00:11]} exf5 {[%clk 01:33:17]} {[%emt 00:00:08]} 9. Nc3
{[%clk 01:34:14]} {[%emt 00:00:03]} Be6 {[%clk 01:33:31]} {[%emt 00:00:16]} 10.
Ne2 {[%clk 01:33:56]} {[%emt 00:00:48]} Be7 {[%clk 01:32:16]} {[%emt 00:01:45]}
11. h4 {[%clk 01:34:14]} {[%emt 00:00:12]} Qb6 {[%clk 01:13:34]} {[%emt
00:19:13]} 12. Nf4 {[%clk 01:19:55]} {[%emt 00:14:48]} Bb4+ {[%clk 01:06:38]}
{[%emt 00:07:26]} 13. Kf1 {[%clk 01:20:06]} {[%emt 00:00:19]} Be7 {[%clk
00:56:42]} {[%emt 00:10:27]} 14. Kg1 {[%clk 01:19:35]} {[%emt 00:01:00]} O-O-O
{[%clk 00:51:47]} {[%emt 00:05:25]} 15. a3 {[%clk 01:17:03]} {[%emt 00:03:03]}
Na5 {[%clk 00:50:58]} {[%emt 00:01:18]} 16. b4 {[%clk 01:17:15]} {[%emt
00:00:18]} Nc4 {[%clk 00:51:16]} {[%emt 00:00:12]} 17. Nd3 {[%clk 01:13:44]}
{[%emt 00:04:00]} Kb8 {[%clk 00:50:35]} {[%emt 00:01:12]} 18. Bf4 {[%clk
01:13:30]} {[%emt 00:00:43]} Ka8 {[%clk 00:49:36]} {[%emt 00:01:30]} 19. Rh3
{[%clk 01:09:22]} {[%emt 00:04:38]} Rdg8 {[%clk 00:43:18]} {[%emt 00:06:48]} 20.
Nc5 {[%clk 01:03:15]} {[%emt 00:06:37]} h6 {[%clk 00:42:07]} {[%emt 00:01:41]}
21. h5 {[%clk 01:01:28]} {[%emt 00:02:17]} g5 {[%clk 00:40:56]} {[%emt
00:01:41]} 22. hxg6 {[%clk 01:01:55]} {[%emt 00:00:03]} Rxg6 {[%clk 00:41:04]}
{[%emt 00:00:22]} 23. Ne1 {[%clk 00:57:24]} {[%emt 00:05:00]} f6 {[%emt
00:10:13]} 24. Ned3 {[%clk 00:54:26]} Rhg8 {[%clk 00:27:14]} {[%emt 00:08:05]}
25. Rg3 {[%clk 00:53:10]} {[%emt 00:01:47]} fxe5 {[%clk 00:23:08]} {[%emt
00:04:36]} 26. Nxe5 {[%clk 00:51:39]} {[%emt 00:02:00]} Rxg3 {[%clk 00:21:45]}
{[%emt 00:01:53]} 27. fxg3 {[%clk 00:51:08]} {[%emt 00:01:01]} Nxe5 {[%clk
00:19:58]} {[%emt 00:02:18]} 28. Bxe5 {[%clk 00:51:34]} {[%emt 00:00:03]} Rg4
{[%clk 00:18:39]} {[%emt 00:01:49]} 29. Qe2 {[%clk 00:50:41]} {[%emt 00:01:23]}
Bg5 {[%clk 00:15:43]} {[%emt 00:03:26]} 30. Re1 {[%clk 00:48:47]} {[%emt
00:02:24]} a6 {[%clk 00:14:44]} {[%emt 00:01:30]} 31. Bg7 {[%clk 00:43:53]}
{[%emt 00:05:23]} Bf7 {[%clk 00:13:52]} {[%emt 00:01:22]} 32. Qe5 {[%clk
00:44:08]} {[%emt 00:00:15]} f4 {[%clk 00:11:19]} {[%emt 00:03:04]} 33. Qf5
{[%clk 00:42:58]} {[%emt 00:01:39]} Bh5 {[%clk 00:10:59]} {[%emt 00:00:50]} 34.
Qc8+ {[%clk 00:43:05]} {[%emt 00:00:24]} Ka7 {[%clk 00:11:23]} {[%emt
00:00:06]} 35. Nd7 {[%clk 00:42:03]} {[%emt 00:01:31]} Qd8 {[%clk 00:11:24]}
{[%emt 00:00:29]} 36. Qc5+ {[%clk 00:40:14]} {[%emt 00:02:19]} b6 {[%clk
00:10:41]} {[%emt 00:01:14]} 37. Qxd5 {[%clk 00:35:12]} {[%emt 00:05:33]} Be8
{[%clk 00:10:26]} {[%emt 00:00:44]} 38. Rxe8 {[%clk 00:34:49]} {[%emt
00:00:53]} Qxe8 {[%clk 00:10:11]} {[%emt 00:00:45]} 39. Be5 {[%clk 00:35:17]}
{[%emt 00:00:02]} Rxg3 {[%clk 00:08:00]} {[%emt 00:02:41]} 40. Qc6 {[%clk
00:33:54]} {[%emt 00:01:53]} Rxa3 {[%clk 00:05:03]} {[%emt 00:03:27]} 41. Qxb6+
{[%clk 00:34:05]} {[%emt 00:00:19]} Ka8 {[%clk 00:05:30]} {[%emt 00:00:03]} 42.
Qc6+ {[%clk 00:34:28]} {[%emt 00:00:06]} Ka7 {[%clk 00:05:53]} {[%emt
00:00:08]} 43. Qc7+ {[%clk 00:34:49]} {[%emt 00:00:09]} 1-0